Por un gobierno con resultados : el servcio civil de carrera : un sistema integral de profesionalización, evaluación y desempeño de los servidores públicos en México /

Uloženo v:
Podrobná bibliografie
Hlavní autor: Moctezuma Barragán, Esteban (autor)
Další autoři: Roemer, Andrés (autor) (autor)
Médium: Kniha
Jazyk:španělština
Vydáno: México : Fondo de Cultura Económica, 2000, c1999
Edice:(Sección de Obras de Administración Pública)
Témata:
Tagy: Přidat tag
Žádné tagy, Buďte první, kdo vytvoří štítek k tomuto záznamu!

MARC

LEADER 00000nam^a2200000^a^4500
001 000363858
005 20250815000000.0
009 20260310115600.535
020 |a 968-16-6025-0 
025 |a Donación Ignacio González Luna, 1 ejemplar 
037 |a Acervo ITESO - Biblioteca 
041 |a ESP 
082 |a 351. 770972  |b MOC 
100 |a Moctezuma Barragán, Esteban  |e (autor) 
245 1 0 |a Por un gobierno con resultados :  |b el servcio civil de carrera : un sistema integral de profesionalización, evaluación y desempeño de los servidores públicos en México /  |c E. Moctezuma Barragán, A. Roemer. 
264 4 |a México :  |b Fondo de Cultura Económica,  |c 2000, c1999 
300 |a 318 p. 
336 |a texto  |b txt  |2 rdacontenido 
337 |a sin mediación  |b n  |2 rdamedio 
338 |a volumen  |b nc  |2 rdasoporte 
440 1 |a (Sección de Obras de Administración Pública) 
649 |a XX 
650 |a Funcionarios Públicos -  |z México 
650 |a Sector Público -  |z México 
650 |a Servicio Civil de Carrera -  |z México -  |x Tema Principal 
650 |a Reforma Política -  |z México 
650 |a Reforma Administrativa -  |z México -  |x Historia -  |y 1994-2000 
650 |a Administración Pública -  |z México -  |x Historia -  |y 1994-2000 
650 |a Política -  |z México -  |x Historia -  |y 1994-2000 
700 |a Roemer, Andrés  |e (autor) 
910 |a Fondo Ignacio González Luna Morfín 
920 |a Impresos - Libros 
930 |a Fondos Especiales 
905 |a 136 
901 |a 0500257639  |b IT2  |c ESP  |i D  |u 20250521 
902 |a https://opac.biblio.iteso.mx/vufind/Record/000363858